Films dont le titre commence par un E (2) - Statistiques

Statistiques générales
  • Ce quiz a été pris 8 fois
  • Le résultat moyen est 4 sur 30
Statistiques - réponses
Année Réalisateur Genre 1 acteur ou
1 actrice
Titre % Correct
1990 T. Burton Comédie dramatique Johnny Depp Edward aux mains d'argent
86%
1996 A. Parker Musical Madonna Evita
43%
1998 S. Kubrick Comédie dramatique Tom Cruise Eyes wide shut
43%
2014 D. Liman Science-fiction Tom Cruise Edge of tomorrow
29%
1982 S. Spielberg Fantastique Pat Welsh E.T. l'extra-terrestre
29%
2002 J. Becker Comédie dramatique Jacques Villeret Effroyables jardins
14%
1998 T. Scott Thriller Will Smith Ennemi d'Etat
14%
1994 N. Jordan Fantastique Tom Cruise Entretien avec un vampire
14%
1991 Z. Yimou Comédie dramatique Cao Zhengyin Epouses et Concubines
14%
2008 G. Bitton Comédie Jean-Pierre Darroussin Erreur de la banque en votre faveur
14%
1992 R. Redford Comédie dramatique Brad Pitt Et au milieu coule une rivière
14%
1983 F. Fellini Comédie dramatique Freddie Jones Et vogue le navire
14%
1981 J. Boorman Aventures Nigel Terry Excalibur
14%
2010 S. Stallone Action Sylvester Stallone Expendables unité spéciale
14%
2013 A. Coffre Comédie Dany Boon Eyjafjallajökull
14%
1981 J-L Moreau Drame Robin Renucci Eaux profondes
0%
1983 C. Lelouch Drame Francis Huster Edith et Marcel
0%
2016 A. Forcier Drame Emile Schneider Embrasse moi comme tu m'aimes
0%
2002 M. Blanc Comédie Charlotte Rampling Embrassez qui vous voudrez
0%
1996 T. Marshall Comédie François Cluzet Enfants de salaud
0%
2001 M. Apted Guerre Dougray Scott Enigma
0%
2015 Ch. Carion Drame August Diehl En mai fais ce qu'il te plait
0%
2001 A. Arcady Thriller Richard Berry Entre chiens et loups
0%
1989 T. Jones Comédie Tim McInnerny Erik le Viking
0%
1985 J-C Tacchella Comédie dramatique Jean-Pierre Bacri Escalier C
0%
2016 F. Leon de Aranoa Drame Javier Bardem Escobar
0%
1981 Y. Boisset Espionnage Lino Ventura Espion lève toi
0%
1981 G. Lautner Comédie Jean-Pierre Darroussin Est-ce bien raisonnable
0%
1997 F. Forestier Action Dolph Lundgren Etat d'urgence
0%
2015 B. Kormakur Aventures Jake Gyllenhaal Everest
0%
Aucun quiz correspondant
Distribution des résultats
% des personnes avec chaque résultat
Percentile par nombre de réponses
Votre historique - résultats
Vous n’avez pas pris ce quiz